000
00256nam a2200109Ia 4500
008
220204s9999 xx 000 0 und d
082
_a
82-3
_b
MAR
100
_a
Marquez, Gabriel Garcia
245
0
_a
In evil hour
260
_a
London
_b
Pan
_c
1982
942
_c
BK
999
_c
38569
_d
38569